00251nam a22000977a 4500008004100000020001500041082002100056245004200077260002600119300000800145230704b xxu||||| |||| 00| 0 eng d a9966961615 a342.02bNGU 2000 aWrite Your Country's New Constitution bKiriro wa Ngugic2000 a72p